[Event "23rd EUR-ch"]
[Site "Vrnjacka Banja SRB"]
[Date "2023.03.09"]
[Round "7.108"]
[White "Gines Esteo, Pedro Antonio"]
[Black "Bodiroga, Predrag"]
[Result "1-0"]
[WhiteElo "2500"]
[BlackElo "2314"]
[EventDate "2023.03.03"]
[PlyCount "83"]

1.d4 d5 2.c4 c6 3.Nf3 Nf6 4.e3 g6 5.Be2 Bg7 6.O-O O-O 7.Nc3 Re8 8.b4 Bg4 
9.Qb3 e6 10.Bb2 Nbd7 11.Rfd1 Ne4 12.b5 Nb6 13.cxd5 Nxc3 14.Bxc3 cxd5 15.
Rac1 Bf8 16.Bb4 Bxb4 17.Qxb4 Qe7 18.Qxe7 Rxe7 19.Rc3 Kf8 20.Rdc1 Ke8 21.h4
Kd8 22.Kh2 Rc8 23.Rxc8+ Nxc8 24.Kg3 Bxf3 25.Kxf3 Nd6 26.Kf4 h6 27.Bd3 Rd7 
28.g4 Ke7 29.f3 Nc4 30.Bxc4 Rc7 31.e4 dxc4 32.Ke3 e5 33.dxe5 Ke6 34.Rc3 g5
35.hxg5 hxg5 36.Kd4 Rd7+ 37.Kxc4 Rc7+ 38.Kd4 Rd7+ 39.Kc4 Rd2 40.Ra3 Kxe5 
41.Rxa7 Rd7 42.Kc5 1-0

[Event "23rd EUR-ch"]
[Site "Vrnjacka Banja SRB"]
[Date "2023.03.09"]
[Round "7.109"]
[White "Reshef, Omer"]
[Black "Piliposian, Robert"]
[Result "0-1"]
[WhiteElo "2492"]
[BlackElo "2314"]
[EventDate "2023.03.03"]
[PlyCount "45"]

1.e4 e5 2.Nf3 Nc6 3.Nc3 Nf6 4.Bb5 Nd4 5.Ba4 c6 6.O-O a5 7.Bb3 d6 8.h3 b5 
9.a3 Nxb3 10.cxb3 b4 11.axb4 Ba6 12.b5 cxb5 13.Re1 b4 14.Nd5 Nxd5 15.exd5 
Be7 16.d4 e4 17.Nd2 f5 18.Nc4 Bb7 19.f3 O-O 20.fxe4 Bh4 21.Rf1 fxe4 22.
Rxf8+ Qxf8 23.Be3 0-1

[Event "23rd EUR-ch"]
[Site "Vrnjacka Banja SRB"]
[Date "2023.03.09"]
[Round "7.110"]
[White "Danielian, Vahe"]
[Black "Castellanos Rodriguez, Renier"]
[Result "1-0"]
[WhiteElo "2307"]
[BlackElo "2484"]
[EventDate "2023.03.03"]
[PlyCount "79"]

1.e4 c5 2.Nf3 e6 3.Nc3 a6 4.g3 Nc6 5.Bg2 d6 6.O-O Nf6 7.d4 cxd4 8.Nxd4 Bd7
9.Nb3 b5 10.Re1 Be7 11.Bf4 Ne5 12.Nc5 Bc8 13.Nd3 Nfd7 14.a4 bxa4 15.Rxa4 
O-O 16.Nxe5 Nxe5 17.Qa1 Bb7 18.Rd1 Qc7 19.Bf1 Ng6 20.Be3 Rfb8 21.Rc4 Qd8 
22.f4 Rc8 23.Rb4 Bc6 24.Rb6 Qc7 25.Rxa6 Bf6 26.Bd3 Bb7 27.Ra7 Bxc3 28.bxc3
Rxa7 29.Qxa7 Ra8 30.Qb6 Qxb6 31.Bxb6 d5 32.e5 Ra4 33.Rb1 h5 34.Bc5 Ba6 35.
Rb8+ Kh7 36.Ra8 Bxd3 37.Rxa4 Bxc2 38.Ra7 Kg8 39.Kf2 Bf5 40.Ke3 1-0

[Event "23rd EUR-ch"]
[Site "Vrnjacka Banja SRB"]
[Date "2023.03.09"]
[Round "7.111"]
[White "Denishev, Marat"]
[Black "Janzelj, Tim"]
[Result "1-0"]
[WhiteElo "2303"]
[BlackElo "2472"]
[EventDate "2023.03.03"]
[PlyCount "79"]

1.d4 d5 2.c4 e6 3.Nf3 c6 4.Nbd2 f5 5.g3 Nd7 6.Bg2 Bd6 7.O-O Ngf6 8.Qc2 O-O
9.Ne1 b6 10.Nd3 Ba6 11.Qa4 Qc8 12.cxd5 exd5 13.Nf3 Re8 14.Qc2 Qc7 15.Re1 
Rac8 16.Bg5 Ne4 17.Rac1 Nxg5 18.Nxg5 Nf6 19.e3 Ne4 20.Nf3 Bxd3 21.Qxd3 Qd7
22.Rc2 g5 23.Rec1 g4 24.Ne1 h5 25.Qb3 Kh8 26.Qa4 b5 27.Qa6 f4 28.exf4 h4 
29.Nd3 h3 30.Bf1 Rcd8 31.Rxc6 Nd2 32.Ne5 Bxe5 33.dxe5 Qf5 34.Rh6+ Kg8 35.
Rcc6 Re7 36.Rcf6 Nf3+ 37.Kh1 Qd7 38.Rfg6+ Rg7 39.Rxg7+ Qxg7 40.Rg6 1-0

[Event "23rd EUR-ch"]
[Site "Vrnjacka Banja SRB"]
[Date "2023.03.09"]
[Round "7.112"]
[White "Pajeken, Jakob Leon"]
[Black "Shohat, Yotam"]
[Result "1/2-1/2"]
[WhiteElo "2465"]
[BlackElo "2302"]
[EventDate "2023.03.03"]
[PlyCount "85"]

1.e4 c5 2.Nf3 d6 3.d4 cxd4 4.Nxd4 Nf6 5.Nc3 a6 6.Be3 e6 7.a3 Nc6 8.Be2 Be7
9.g4 d5 10.exd5 Nxd5 11.Nxd5 Qxd5 12.Bf3 Qa5+ 13.b4 Qc7 14.Nxc6 bxc6 15.
Qd4 O-O 16.Bf4 Qb7 17.Qc4 Bd7 18.O-O Rfd8 19.Rab1 Qb5 20.Qe4 Be8 21.c4 Qa4
22.Bd1 Qxa3 23.Rb3 Qa2 24.Bc2 g6 25.Bc1 Rd4 26.Qxd4 Qxc2 27.Rb2 e5 28.Qxe5
Qxc4 29.Bf4 Bf8 30.Rc1 Qd3 31.Qe3 Qxe3 32.fxe3 Rd8 33.Rc4 Rd1+ 34.Kf2 Bd7 
35.Be5 Be7 36.Ke2 Rg1 37.Rd2 Rg2+ 38.Kd3 Rxg4 39.Rxg4 Bxg4 40.Kc3 h5 41.
Bd6 Bh4 42.Kd4 Bg5 43.Ra2 1/2-1/2

[Event "23rd EUR-ch"]
[Site "Vrnjacka Banja SRB"]
[Date "2023.03.09"]
[Round "7.113"]
[White "Isik, Alparslan"]
[Black "Palczert, Matyas"]
[Result "1-0"]
[WhiteElo "2462"]
[BlackElo "2304"]
[EventDate "2023.03.03"]
[PlyCount "40"]

1.c4 Nf6 2.Nc3 e6 3.e4 d5 4.e5 d4 5.exf6 dxc3 6.bxc3 Qxf6 7.Nf3 b6 8.c5 
Bxc5 9.d4 Bd6 10.Bd3 h6 11.Be4 c6 12.O-O Bb7 13.Re1 Qd8 14.c4 Nd7 15.Bb2 
Nf6 16.Bc2 Qc7 17.a4 O-O-O 18.a5 Kb8 19.axb6 axb6 20.Qb1 Kc8 1-0

[Event "23rd EUR-ch"]
[Site "Vrnjacka Banja SRB"]
[Date "2023.03.09"]
[Round "7.114"]
[White "Cabarkapa, Novak"]
[Black "Averin, Nikolai"]
[Result "1/2-1/2"]
[WhiteElo "2458"]
[BlackElo "2296"]
[EventDate "2023.03.03"]
[PlyCount "94"]

1.d4 d5 2.Nf3 Nf6 3.c3 e6 4.Bg5 c5 5.e3 Nc6 6.Nbd2 h6 7.Bh4 Be7 8.Bd3 b6 
9.O-O Bb7 10.Ne5 O-O 11.f4 Ne8 12.Nxc6 Bxc6 13.Bxe7 Qxe7 14.Rc1 Nd6 15.Bb1
Rfc8 16.Nf3 Bb5 17.Re1 f5 18.Ne5 Nf7 19.Kh1 Nxe5 20.fxe5 Qg5 21.Qf3 Be8 
22.Rg1 Bh5 23.Qf4 Qxf4 24.exf4 cxd4 25.cxd4 g5 26.fxg5 hxg5 27.Bd3 a6 28.
h3 Be8 29.g4 f4 30.h4 gxh4 31.Kg2 Bb5 32.Bxb5 axb5 33.Kf3 Kg7 34.Kxf4 Kg6 
35.Rh1 Rc4 36.Rxc4 bxc4 37.Rxh4 Rxa2 38.g5 Rxb2 39.Rh6+ Kf7 40.Rh7+ Kf8 
41.Rh6 Ke7 42.Rh7+ Ke8 43.Rh8+ Kd7 44.Rh7+ Ke8 45.Rh8+ Kf7 46.Rh7+ Kf8 47.
Rh6 Ke7 1/2-1/2

[Event "23rd EUR-ch"]
[Site "Vrnjacka Banja SRB"]
[Date "2023.03.09"]
[Round "7.115"]
[White "Grieve, Harry"]
[Black "Skvortsov, Andrei"]
[Result "1/2-1/2"]
[WhiteElo "2455"]
[BlackElo "2298"]
[EventDate "2023.03.03"]
[PlyCount "85"]

1.e4 e5 2.Nf3 Nf6 3.Nxe5 d6 4.Nf3 Nxe4 5.d4 d5 6.Bd3 Bd6 7.O-O O-O 8.c4 c6
9.Nc3 Nxc3 10.bxc3 dxc4 11.Bxc4 Nd7 12.Re1 h6 13.Bb3 Re8 14.Rxe8+ Qxe8 15.
Qd3 Nf8 16.c4 Qd8 17.Bb2 Qf6 18.Re1 Bf5 19.Qd2 Ng6 20.d5 Qd8 21.Nd4 Bd7 
22.Bc2 Qf6 23.Ba1 cxd5 24.Nf3 Qf4 25.Qc3 d4 26.Qxd4 Qxd4 27.Bxd4 b6 28.Rd1
Be6 29.Bxg7 Bxh2+ 30.Kxh2 Kxg7 31.Bb3 Rc8 32.Nd4 Bxc4 33.Rc1 Ba6 34.Rc6 
Ne7 35.Rd6 Rc7 36.f4 Bc8 37.Nb5 Rd7 38.Rxd7 Bxd7 39.Nxa7 Nf5 40.Bd5 Nd4 
41.Kg3 Kf6 42.Kf2 Kf5 43.Ke3 1/2-1/2

[Event "23rd EUR-ch"]
[Site "Vrnjacka Banja SRB"]
[Date "2023.03.09"]
[Round "7.116"]
[White "Wachinger, Nikolas"]
[Black "Gunduz, Umut Erdem"]
[Result "1-0"]
[WhiteElo "2440"]
[BlackElo "2286"]
[EventDate "2023.03.03"]
[PlyCount "58"]

1.c4 c5 2.Nf3 Nc6 3.d4 cxd4 4.Nxd4 Nf6 5.Nc3 g6 6.e4 d6 7.Be2 Bg7 8.Be3 
O-O 9.O-O Nxd4 10.Bxd4 Be6 11.f4 Rc8 12.b3 Qa5 13.Qd3 Rfe8 14.Kh1 Bd7 15.
a3 Qc7 16.Rad1 Bc6 17.b4 b6 18.g4 e5 19.fxe5 dxe5 20.Be3 Nxe4 21.Nxe4 Qb7 
22.Bf3 f5 23.Nd6 Bxf3+ 24.Kg1 Qa8 25.c5 h5 26.gxf5 gxf5 27.Qxf5 Rf8 28.
Qe6+ Kh7 29.Nxc8 Qe4 1-0

[Event "23rd EUR-ch"]
[Site "Vrnjacka Banja SRB"]
[Date "2023.03.09"]
[Round "7.117"]
[White "Wadsworth, Matthew"]
[Black "Kristoferitsch, Daniel"]
[Result "1-0"]
[WhiteElo "2439"]
[BlackElo "2282"]
[EventDate "2023.03.03"]
[PlyCount "95"]

1.d4 Nf6 2.c4 e6 3.Nf3 d5 4.Nc3 dxc4 5.e4 b5 6.e5 Nd5 7.Nxb5 Nb6 8.Be2 Nc6
9.Be3 Bb7 10.Nc3 Qd7 11.O-O Be7 12.Qc1 O-O 13.Rd1 Nb4 14.a3 N4d5 15.Nxd5 
Bxd5 16.Nd2 Qa4 17.Nb1 Qc6 18.Bf1 Na4 19.Nc3 Rab8 20.Nxa4 Qxa4 21.Rd2 Rb6 
22.Rc2 Rc6 23.Rc3 Rb8 24.Be2 Bd8 25.Bd2 Rcb6 26.Rb1 Rc6 27.Bd1 Qb5 28.Bc2 
Rcb6 29.Rg3 Qd7 30.Bb4 Rxb4 31.Qh6 g6 32.axb4 Rxb4 33.h4 Qe7 34.h5 Qh4 35.
Qd2 Rb7 36.hxg6 hxg6 37.Bd1 Be7 38.Bf3 c3 39.Qxc3 Rb3 40.Qd2 Bxf3 41.gxf3 
Bf8 42.Kg2 Bh6 43.Qc2 Rb6 44.Rh1 Qf4 45.Rg4 Qd2 46.Rxg6+ fxg6 47.Qxg6+ Bg7
48.Rh7 1-0

[Event "23rd EUR-ch"]
[Site "Vrnjacka Banja SRB"]
[Date "2023.03.09"]
[Round "7.118"]
[White "Bulmaga, Irina"]
[Black "Dobre, Claudiu-Cristian"]
[Result "0-1"]
[WhiteElo "2438"]
[BlackElo "2271"]
[EventDate "2023.03.03"]
[PlyCount "104"]

1.e4 e5 2.Nf3 Nf6 3.Nxe5 d6 4.Nf3 Nxe4 5.d4 d5 6.Bd3 Be7 7.O-O Bf5 8.Re1 
Nc6 9.Nc3 Nxc3 10.bxc3 Bxd3 11.Qxd3 O-O 12.Bf4 Bd6 13.Ng5 g6 14.Qh3 h5 15.
Bxd6 cxd6 16.f4 Qf6 17.Qf3 Ne7 18.Re2 Rac8 19.Rae1 Rc7 20.g3 Rfc8 21.Qg2 
Kg7 22.Kh1 b5 23.c4 Nf5 24.c3 b4 25.cxb4 dxc4 26.Re8 Rxe8 27.Rxe8 Re7 28.
Rxe7 Qxe7 29.Qd2 Qe3 30.Qxe3 Nxe3 31.Ne4 Nd5 32.a3 c3 33.Nf2 Ne3 34.Kg1 c2
35.Nd3 Nc4 36.a4 Nb2 37.Nc1 Nxa4 38.Kf2 Nc3 39.Ke3 Nd5+ 40.Kd3 Nxb4+ 41.
Kc4 a5 42.Kb5 Kf6 43.Kxa5 Nc6+ 44.Kb5 Nxd4+ 45.Kc4 Nf3 46.h3 Ng1 47.Kd3 
Nxh3 48.Ke3 Kf5 49.Kf3 d5 50.Nb3 Ng1+ 51.Kf2 Ke4 52.Kxg1 Ke3 0-1

[Event "23rd EUR-ch"]
[Site "Vrnjacka Banja SRB"]
[Date "2023.03.09"]
[Round "7.119"]
[White "Spasic, Petar"]
[Black "Stalmach, Richard"]
[Result "0-1"]
[WhiteElo "2298"]
[BlackElo "2436"]
[EventDate "2023.03.03"]
[PlyCount "116"]

1.e4 c5 2.Nf3 d6 3.Bd3 Nc6 4.c3 Bg4 5.O-O a6 6.a4 g6 7.Na3 Bg7 8.Nc4 Nf6 
9.h3 Bxf3 10.Qxf3 O-O 11.Bc2 b5 12.Ne3 Qd7 13.Qe2 Rab8 14.d3 b4 15.Bd2 d5 
16.a5 Rfd8 17.Rfd1 Qe6 18.Bb3 bxc3 19.Bxd5 Nxd5 20.exd5 Rxd5 21.bxc3 Rd7 
22.Ra3 Rb3 23.Rxb3 Qxb3 24.Qf1 h5 25.Rb1 Qa2 26.Nc4 Qc2 27.Rb6 Ne5 28.Nxe5
Bxe5 29.Qe1 Bc7 30.Rc6 Qxd3 31.Rxc5 Qd6 32.Qe3 Qh2+ 33.Kf1 Qh1+ 34.Ke2 
Qxg2 35.c4 Qh1 36.Be1 Rd6 37.Rxc7 Re6 38.Rxe7 Rxe3+ 39.Rxe3 Qc6 40.Kd3 
Qd7+ 41.Kc2 Kh7 42.Kb3 g5 43.Bc3 Qb7+ 44.Ka3 Qg2 45.Rg3 Qe4 46.Kb3 Kg6 47.
Bd2 f6 48.Be3 Qb1+ 49.Kc3 h4 50.Rg4 Qh1 51.c5 Qxh3 52.Rc4 Qc8 53.c6 h3 54.
Kb2 h2 55.Rc1 Qc7 56.Bb6 Qe5+ 57.Ka3 Qd6+ 58.Kb2 Qd2+ 0-1

[Event "23rd EUR-ch"]
[Site "Vrnjacka Banja SRB"]
[Date "2023.03.09"]
[Round "7.120"]
[White "Kojovic, Dragan"]
[Black "Baum, Jonasz"]
[Result "0-1"]
[WhiteElo "2272"]
[BlackElo "2426"]
[EventDate "2023.03.03"]
[PlyCount "67"]

1.e4 c5 2.Nc3 d6 3.Nge2 Nf6 4.g3 Nc6 5.Bg2 g6 6.h3 Bg7 7.d3 O-O 8.Be3 e5 
9.Qd2 Nd4 10.g4 b5 11.Ng3 b4 12.Nd1 Ne8 13.O-O Ne6 14.a3 a5 15.axb4 cxb4 
16.Ne2 Bb7 17.f4 f5 18.gxf5 gxf5 19.exf5 Bxg2 20.Kxg2 Rxf5 21.Ng3 Nxf4+ 
22.Bxf4 Rxf4 23.Rxf4 exf4 24.Qxf4 Ra7 25.Ne3 Qa8+ 26.Kh2 Be5 27.Qc4+ Kh8 
28.Rf1 Nf6 29.Nf5 Nh5 30.d4 Nxg3 31.Nxg3 Bxg3+ 32.Kxg3 Rg7+ 33.Kf2 Qe4 34.
Qc8+ 0-1

[Event "23rd EUR-ch"]
[Site "Vrnjacka Banja SRB"]
[Date "2023.03.09"]
[Round "7.121"]
[White "Akbas, Umut Ata"]
[Black "Savicevic, Vlatko"]
[Result "1-0"]
[WhiteElo "2419"]
[BlackElo "2268"]
[EventDate "2023.03.03"]
[PlyCount "81"]

1.d4 d5 2.c4 e6 3.Nc3 Be7 4.Nf3 Nf6 5.Bf4 O-O 6.e3 b6 7.a3 c5 8.dxc5 bxc5 
9.Be2 Bb7 10.h3 Nbd7 11.O-O Qb6 12.cxd5 exd5 13.Qc2 Rac8 14.Rfd1 h6 15.Nh4
Rfd8 16.Nf5 Bf8 17.Bf3 Qe6 18.Nb5 Ne5 19.Bxe5 Qxe5 20.Nxa7 Rb8 21.a4 h5 
22.Nb5 Ba6 23.Be2 Ne4 24.Nh4 Rb6 25.Nf3 Qb8 26.Bd3 Nf6 27.b3 Bc8 28.Rd2 
Be7 29.Rad1 Bd7 30.Qc3 Bc6 31.Qe5 Qb7 32.Qf4 Be8 33.Rc2 Bd7 34.Rdc1 Ne4 
35.Qe5 Re6 36.Qc7 Qa6 37.Ne5 Be8 38.Nd4 Qb6 39.Nxe6 Qxe6 40.Bxe4 dxe4 41.
Rxc5 1-0

[Event "23rd EUR-ch"]
[Site "Vrnjacka Banja SRB"]
[Date "2023.03.09"]
[Round "7.122"]
[White "Paszewski, Mateusz"]
[Black "Levin, Guy"]
[Result "0-1"]
[WhiteElo "2270"]
[BlackElo "2419"]
[EventDate "2023.03.03"]
[PlyCount "86"]

1.e4 g6 2.d4 Bg7 3.Nf3 d6 4.Be3 a6 5.c4 Bg4 6.Nc3 Nc6 7.d5 Ne5 8.Be2 Bxf3 
9.gxf3 c5 10.O-O h5 11.f4 Ng4 12.Bxg4 hxg4 13.Qxg4 Nf6 14.Qg2 Qd7 15.e5 
dxe5 16.fxe5 Ng4 17.e6 Qc7 18.exf7+ Kxf7 19.h3 Nf6 20.Ne4 Nxe4 21.Qxe4 Qd7
22.Bxc5 Rac8 23.Qe6+ Qxe6 24.dxe6+ Kxe6 25.Rae1+ Kf5 26.Rxe7 Bf6 27.Ba3 
Bxe7 28.Bxe7 Rxc4 29.Kg2 Re8 30.Bd6 Rc2 31.a4 Rxb2 32.a5 Rc8 33.Be7 Rb5 
34.Ra1 Ke6 35.Bh4 g5 36.Bg3 Rcc5 37.Re1+ Kd7 38.Rd1+ Rd5 39.Rc1 Rdc5 40.
Rd1+ Rd5 41.Rc1 Rbc5 42.Rb1 Kc8 43.Re1 Rxa5 0-1

[Event "23rd EUR-ch"]
[Site "Vrnjacka Banja SRB"]
[Date "2023.03.09"]
[Round "7.123"]
[White "Baenziger, Fabian"]
[Black "Goroskov, Maksim"]
[Result "1/2-1/2"]
[WhiteElo "2413"]
[BlackElo "2265"]
[EventDate "2023.03.03"]
[PlyCount "101"]

1.d4 Nf6 2.c4 e6 3.Nf3 d5 4.Nc3 c6 5.e3 Bb4 6.Qc2 Ne4 7.Bd3 f5 8.O-O Nd7 
9.Nd2 Bd6 10.Ne2 O-O 11.cxd5 exd5 12.f3 Qh4 13.Nf4 Nxd2 14.Bxd2 Qf6 15.Ne2
Qh4 16.g3 Qh5 17.Nf4 Bxf4 18.exf4 Re8 19.Kg2 Nf8 20.Rae1 Bd7 21.Bb4 Rxe1 
22.Rxe1 Re8 23.Qc5 b6 24.Qd6 a5 25.Ba3 b5 26.Bc5 Qf7 27.Rxe8 Qxe8 28.Qc7 
a4 29.Qd6 Ne6 30.Bb6 g6 31.Kf2 Nf8 32.Qf6 Qe6 33.Qd8 Qe8 34.Qf6 Qe6 35.Qh4
Qe8 36.Bc7 Ne6 37.Be5 Qd8 38.Bf6 Qf8 39.Be2 Qc8 40.Ke3 Qf8 41.Kf2 Qc8 42.
Ke3 Qf8 43.Bd3 Qe8 44.Kd2 Qf8 45.Kd1 Qc8 46.a3 Qf8 47.Kc1 b4 48.Be7 Qg7 
49.Bf6 Qf8 50.Be7 Qg7 51.Bf6 1/2-1/2

[Event "23rd EUR-ch"]
[Site "Vrnjacka Banja SRB"]
[Date "2023.03.09"]
[Round "7.124"]
[White "Gaehwiler, Gabriel"]
[Black "Parligras, Cosmin"]
[Result "1/2-1/2"]
[WhiteElo "2413"]
[BlackElo "2260"]
[EventDate "2023.03.03"]
[PlyCount "63"]

1.d4 d5 2.Nf3 Nf6 3.c4 dxc4 4.e3 e6 5.Bxc4 a6 6.a4 c5 7.O-O b6 8.Nc3 Bb7 
9.Qe2 Nbd7 10.Rd1 Qc8 11.e4 cxd4 12.Nxd4 Ne5 13.Ba2 Bc5 14.Bf4 Ng6 15.Be3 
O-O 16.Rac1 Qb8 17.g3 Re8 18.Nb3 Bxe3 19.Qxe3 Bc6 20.a5 bxa5 21.Nxa5 Bb5 
22.b4 Rc8 23.f3 Be8 24.Nc4 Qa7 25.Qxa7 Rxa7 26.e5 Nd7 27.f4 Ne7 28.Nd6 Rb8
29.Rb1 Kf8 30.b5 axb5 31.Ndxb5 Rab7 32.Nd6 1/2-1/2

[Event "23rd EUR-ch"]
[Site "Vrnjacka Banja SRB"]
[Date "2023.03.09"]
[Round "7.125"]
[White "Iliaguev, Nisim"]
[Black "Garsky, Vladyslav"]
[Result "1-0"]
[WhiteElo "2412"]
[BlackElo "2253"]
[EventDate "2023.03.03"]
[PlyCount "49"]

1.g3 d5 2.Bg2 e5 3.c4 d4 4.d3 Nd7 5.Nf3 Ngf6 6.O-O g6 7.Bg5 Bg7 8.Nbd2 a5 
9.Ne4 h6 10.Nxf6+ Nxf6 11.Bd2 Qe7 12.Qc1 Bd7 13.Re1 Bf5 14.e3 dxe3 15.Bxe3
Nd7 16.d4 e4 17.Nh4 O-O-O 18.Nxf5 gxf5 19.Bh3 Qe6 20.Qc3 b6 21.b4 a4 22.
Qc2 h5 23.Qxa4 h4 24.Bf1 hxg3 25.hxg3 1-0

[Event "23rd EUR-ch"]
[Site "Vrnjacka Banja SRB"]
[Date "2023.03.09"]
[Round "7.126"]
[White "David, Alexandru-Vasile"]
[Black "Rabrenovic, Vladan"]
[Result "1-0"]
[WhiteElo "2410"]
[BlackElo "2223"]
[EventDate "2023.03.03"]
[PlyCount "109"]

1.d4 d5 2.c4 e6 3.Nc3 Nf6 4.cxd5 exd5 5.Bg5 c6 6.e3 h6 7.Bh4 Be7 8.Bd3 O-O
9.Nge2 Ne8 10.Bg3 Nd6 11.Rc1 Re8 12.Bb1 a5 13.O-O Na6 14.Bf4 Bf8 15.Ng3 
Nc7 16.Qc2 g6 17.Rce1 Nf5 18.Bxc7 Qxc7 19.Nxd5 Qd8 20.Nc3 Nh4 21.f3 Bd6 
22.Qf2 b6 23.Rd1 a4 24.e4 a3 25.e5 Be7 26.b3 Be6 27.Kh1 Qd7 28.Nge2 Red8 
29.Nf4 Ra5 30.Nxe6 fxe6 31.Be4 Nf5 32.Bxf5 exf5 33.Qc2 Rd5 34.Ne2 c5 35.
Nf4 cxd4 36.Nxd5 Qxd5 37.Qc7 Kf7 38.Rd3 Qc5 39.Rc1 Qxc7 40.Rxc7 Rd5 41.f4 
Rc5 42.Rxc5 bxc5 43.g3 Ke6 44.Kg2 Kd5 45.Kf3 g5 46.Rd1 g4+ 47.Ke2 Ke4 48.
Re1 h5 49.e6 h4 50.gxh4 Kxf4 51.Kd3 Bxh4 52.e7 Bxe7 53.Rxe7 Kf3 54.Rf7 f4 
55.Rf5 1-0

[Event "23rd EUR-ch"]
[Site "Vrnjacka Banja SRB"]
[Date "2023.03.09"]
[Round "7.127"]
[White "Zverev, Lev"]
[Black "Radovanovic, Nikola"]
[Result "0-1"]
[WhiteElo "2267"]
[BlackElo "2407"]
[EventDate "2023.03.03"]
[PlyCount "54"]

1.e4 c5 2.Nf3 Nc6 3.d4 cxd4 4.Nxd4 e5 5.Nb5 d6 6.N1c3 a6 7.Na3 Be6 8.Nc4 
Rb8 9.Ne3 Nf6 10.g3 h5 11.h4 Rc8 12.Bg2 g6 13.O-O Bh6 14.Ncd5 Bxd5 15.Nxd5
Bxc1 16.Nxf6+ Qxf6 17.Rxc1 g5 18.Qf3 Qxf3 19.Bxf3 gxh4 20.gxh4 Nd4 21.Bd1 
Ne6 22.c3 Ke7 23.Kh2 Rh6 24.Bb3 Nf4 25.Rce1 Rf6 26.Bd1 Rh8 27.Re3 Ke6 0-1

[Event "23rd EUR-ch"]
[Site "Vrnjacka Banja SRB"]
[Date "2023.03.09"]
[Round "7.128"]
[White "Bouska, Jiri"]
[Black "Mitsis, Georgios"]
[Result "1/2-1/2"]
[WhiteElo "2257"]
[BlackElo "2407"]
[EventDate "2023.03.03"]
[PlyCount "126"]

1.e4 e5 2.Nf3 Nc6 3.Bb5 a6 4.Ba4 Nf6 5.O-O b5 6.Bb3 Bb7 7.d3 Bc5 8.c3 Bb6 
9.a4 h6 10.axb5 axb5 11.Rxa8 Bxa8 12.Na3 b4 13.Nc4 d6 14.Nxb6 cxb6 15.cxb4
O-O 16.b5 Na5 17.Ba2 d5 18.b4 Nb7 19.Nxe5 Nd6 20.Nc6 Qd7 21.exd5 Nxb5 22.
Bb2 Bxc6 23.dxc6 Qxc6 24.Qb3 Qd7 25.Qc4 Rc8 26.Qf4 Nc3 27.Bxc3 Rxc3 28.
Qb8+ Qe8 29.Qxb6 Rxd3 30.h3 Rd2 31.Bb1 Nd5 32.Qc5 g6 33.Rc1 Qe2 34.Bc2 Nf4
35.b5 Qe6 36.Ra1 Ne2+ 37.Kh1 Qf6 38.Rd1 Rxd1+ 39.Bxd1 Qa1 40.Qc8+ Kg7 41.
Qc2 Nc3 42.b6 Nxd1 43.Kh2 Qe5+ 44.g3 Qd5 45.Kg1 Kh7 46.Qc7 Qa2 47.Qc5 Qb2 
48.h4 h5 49.Kg2 Qb3 50.Qc7 Qd5+ 51.Kg1 Qa2 52.Qc5 Qb1 53.Kg2 Qe4+ 54.Kg1 
Qf3 55.Qc2 Ne3 56.fxe3 Qxg3+ 57.Qg2 Qxe3+ 58.Qf2 Qc1+ 59.Qf1 Qc5+ 60.Qf2 
Qd5 61.Qb2 Qd1+ 62.Kf2 Qh1 63.Qf6 Qd5 1/2-1/2

[Event "23rd EUR-ch"]
[Site "Vrnjacka Banja SRB"]
[Date "2023.03.09"]
[Round "7.129"]
[White "Djuric, Stefan"]
[Black "Han, Yichen"]
[Result "0-1"]
[WhiteElo "2256"]
[BlackElo "2405"]
[EventDate "2023.03.03"]
[PlyCount "62"]

1.e4 c6 2.c4 d5 3.exd5 cxd5 4.cxd5 Nf6 5.Nc3 Nxd5 6.Nf3 Nc6 7.Bb5 g6 8.Ne5
Qd6 9.d4 Bg7 10.O-O O-O 11.Ne4 Qc7 12.Bxc6 bxc6 13.Re1 Bf5 14.Nc5 Rad8 15.
Bd2 Bxe5 16.Rxe5 Nf6 17.Bf4 Qb6 18.b3 Rfe8 19.Rc1 Ng4 20.Re2 e5 21.Qe1 e4 
22.h3 Nf6 23.g4 Nd5 24.Bd2 Rd6 25.f3 Bc8 26.fxe4 Nc7 27.Ba5 Qb8 28.Qg3 Nb5
29.Rd2 Be6 30.Nxe6 fxe6 31.Rf1 Rxd4 0-1

[Event "23rd EUR-ch"]
[Site "Vrnjacka Banja SRB"]
[Date "2023.03.09"]
[Round "7.130"]
[White "Toktomushev, Teimur"]
[Black "Ibadov, Dashgyn"]
[Result "1-0"]
[WhiteElo "2255"]
[BlackElo "2398"]
[EventDate "2023.03.03"]
[PlyCount "59"]

1.d4 Nf6 2.c4 e6 3.Nf3 c5 4.d5 d6 5.Nc3 exd5 6.cxd5 g6 7.Nd2 Bg7 8.e4 O-O 
9.Be2 Na6 10.O-O Nc7 11.Qc2 a6 12.a4 Rb8 13.a5 Bd7 14.Nc4 Bb5 15.Bg5 Bxc4 
16.Bxc4 Qd7 17.f4 Ng4 18.Rf3 b5 19.axb6 Rxb6 20.e5 dxe5 21.h3 e4 22.Nxe4 
Rxb2 23.Qd3 h6 24.hxg4 hxg5 25.f5 Be5 26.d6 Ne8 27.fxg6 Qxg4 28.gxf7+ Rxf7
29.Bxf7+ Kg7 30.Nf2 1-0

[Event "23rd EUR-ch"]
[Site "Vrnjacka Banja SRB"]
[Date "2023.03.09"]
[Round "7.131"]
[White "Petrovic, Aleksa"]
[Black "Popovic, Milan S."]
[Result "1/2-1/2"]
[WhiteElo "2254"]
[BlackElo "2393"]
[EventDate "2023.03.03"]
[PlyCount "85"]

1.d4 Nf6 2.Nf3 g6 3.g3 Bg7 4.Bg2 c5 5.d5 d6 6.O-O O-O 7.Nc3 e6 8.e4 exd5 
9.exd5 Bg4 10.h3 Bxf3 11.Bxf3 a6 12.a4 Nbd7 13.a5 Qc7 14.Bg5 h6 15.Be3 
Rfe8 16.Qd2 h5 17.Ra4 b5 18.axb6 Nxb6 19.Rh4 Nfd7 20.Ra1 Bf6 21.Bg5 Re5 
22.Bxf6 Nxf6 23.Ne4 Nxe4 24.Rxe4 Rxe4 25.Bxe4 Qe7 26.Qd3 Qf6 27.Qb3 Qd8 
28.h4 Qc7 29.Qd3 c4 30.Qd4 Nd7 31.Ra5 Nb6 32.Ra3 Nd7 33.Rc3 Rc8 34.b3 Qc5 
35.Rxc4 Qxd4 36.Rxd4 f5 37.Bd3 Nc5 38.Kg2 Nxd3 39.cxd3 Rc5 40.Kf3 Kf7 41.
Ke3 a5 42.Kd2 Kf6 43.f4 1/2-1/2

[Event "23rd EUR-ch"]
[Site "Vrnjacka Banja SRB"]
[Date "2023.03.09"]
[Round "7.132"]
[White "Shatil, Shir"]
[Black "Salimova, Nurgyul"]
[Result "0-1"]
[WhiteElo "2222"]
[BlackElo "2392"]
[EventDate "2023.03.03"]
[PlyCount "76"]

1.d4 Nf6 2.c4 e6 3.Nf3 d5 4.Nc3 c6 5.e3 Nbd7 6.Qc2 Bd6 7.Bd3 dxc4 8.Bxc4 
b5 9.Be2 a6 10.O-O O-O 11.e4 e5 12.Rd1 Qc7 13.dxe5 Nxe5 14.h3 Nxf3+ 15.
Bxf3 Bh2+ 16.Kh1 Be5 17.Be3 Be6 18.Rac1 Rad8 19.Rxd8 Rxd8 20.Ne2 h6 21.b3 
a5 22.g4 Bd7 23.Kg2 Nh7 24.Nc3 Qb8 25.Ne2 Ng5 26.Qc5 Ne6 27.Qb6 Qxb6 28.
Bxb6 Ra8 29.Rd1 Be8 30.Be3 c5 31.Rc1 Rc8 32.Kf1 b4 33.Bg2 Bb5 34.Ke1 g5 
35.Bf1 c4 36.bxc4 Rxc4 37.Rxc4 Bxc4 38.Nc1 Bc3+ 0-1

[Event "23rd EUR-ch"]
[Site "Vrnjacka Banja SRB"]
[Date "2023.03.09"]
[Round "7.133"]
[White "Arsovic, Zoran"]
[Black "Pajcin, Lav"]
[Result "1-0"]
[WhiteElo "2390"]
[BlackElo "2221"]
[EventDate "2023.03.03"]
[PlyCount "137"]

1.Nf3 g6 2.g3 Bg7 3.Bg2 e5 4.O-O d5 5.d3 Ne7 6.c4 d4 7.b4 O-O 8.Nbd2 c6 9.
a4 Bf5 10.b5 Nd7 11.Ba3 c5 12.Nh4 Qc7 13.Nxf5 Nxf5 14.a5 Nd6 15.Qa4 f5 16.
Rae1 Rfe8 17.e3 Bh6 18.Bd5+ Kg7 19.Bc1 Nf6 20.Bg2 dxe3 21.fxe3 Nf7 22.a6 
b6 23.Bxa8 Rxa8 24.Qc2 Rd8 25.Nf3 e4 26.dxe4 Nxe4 27.Bb2+ Kg8 28.Kg2 Nfg5 
29.Rd1 Nxf3 30.Rxf3 Ng5 31.Rxd8+ Qxd8 32.Qc3 Kf7 33.h4 Nxf3 34.Kxf3 Qa8+ 
35.Kf2 Qe4 36.Qf6+ Ke8 37.Qe5+ Qxe5 38.Bxe5 Kd7 39.Kf3 g5 40.hxg5 Bxg5 41.
e4 fxe4+ 42.Kxe4 Bd8 43.Kf5 Be7 44.Bf6 Bf8 45.Bg5 Bg7 46.Bh4 Bc3 47.Bf6 
Bd2 48.Be5 Be3 49.Bg7 Bd2 50.Bf6 Be3 51.g4 Bf2 52.Be5 Be3 53.Bg7 Ke7 54.
Be5 Kd7 55.Bg3 Bd4 56.Kg5 Bg7 57.Bf4 Kd8 58.Kf5 Kd7 59.Be3 Kd6 60.Bf2 Bd4 
61.Bg3+ Kd7 62.Kg5 Bg7 63.Bb8 Bf8 64.Kf6 Bh6 65.g5 Bf8 66.Kf7 Be7 67.Bxa7 
Bd8 68.Bb8 Kc8 69.Bf4 1-0

[Event "23rd EUR-ch"]
[Site "Vrnjacka Banja SRB"]
[Date "2023.03.09"]
[Round "7.134"]
[White "Angun, Batu"]
[Black "Barseghian, Armen Ar."]
[Result "0-1"]
[WhiteElo "2206"]
[BlackElo "2382"]
[EventDate "2023.03.03"]
[PlyCount "106"]

1.d4 Nf6 2.c4 e6 3.Nf3 Bb4+ 4.Bd2 Bxd2+ 5.Qxd2 d5 6.Nc3 O-O 7.e3 Qe7 8.Be2
Rd8 9.O-O dxc4 10.Bxc4 c5 11.Qe2 cxd4 12.exd4 Nc6 13.Rad1 a6 14.Rfe1 b5 
15.d5 exd5 16.Nxd5 Nxd5 17.Rxd5 Qxe2 18.Rxd8+ Nxd8 19.Rxe2 Be6 20.Bxe6 
Nxe6 21.Rc2 Kf8 22.Rc6 Ke7 23.Rb6 f6 24.b3 Kd7 25.a4 bxa4 26.bxa4 Rc8 27.
g3 Rc1+ 28.Kg2 Nc5 29.Nd4 Ra1 30.Nf5 Kc7 31.Rb2 g6 32.Rc2 Kb6 33.Ne3 Kc6 
34.Ng4 f5 35.Nf6 Rxa4 36.Nxh7 Rd4 37.Ng5 Kb5 38.Nf3 Rd8 39.Nd2 Kb4 40.Nc4 
a5 41.Nb6 Rd4 42.h3 Ne4 43.g4 fxg4 44.hxg4 Nc3 45.f4 Kb3 46.Rf2 Rd6 47.Nc8
Rc6 48.Ne7 Re6 49.Ng8 a4 50.f5 gxf5 51.gxf5 Re8 52.Nf6 Re2 53.Ne4 Rxe4 0-1

[Event "23rd EUR-ch"]
[Site "Vrnjacka Banja SRB"]
[Date "2023.03.09"]
[Round "7.136"]
[White "Uskov, Artem"]
[Black "Pogorelsky, Sergei"]
[Result "1/2-1/2"]
[WhiteElo "2373"]
[BlackElo "2203"]
[EventDate "2023.03.03"]
[PlyCount "68"]

1.e4 c5 2.Nf3 d6 3.d4 cxd4 4.Nxd4 Nf6 5.Nc3 Bd7 6.Bg5 e6 7.f3 a6 8.Qd2 b5 
9.Bd3 h6 10.Be3 Nc6 11.Nxc6 Bxc6 12.a4 b4 13.Ne2 d5 14.e5 Nd7 15.f4 Nc5 
16.g4 Ne4 17.Bxe4 dxe4 18.Nd4 Bd7 19.Rd1 Qc7 20.O-O Bc5 21.Kh1 O-O-O 22.c3
bxc3 23.Qxc3 Bxd4 24.Qxc7+ Kxc7 25.Rxd4 Bc6 26.Rc4 Kb7 27.Rfc1 Rc8 28.Bc5 
Bd5 29.R4c3 a5 30.b4 axb4 31.Bxb4 Rxc3 32.Rxc3 g6 33.Kg1 Rc8 34.Rxc8 Kxc8 
1/2-1/2